000
003010000a22000970004500
100
1
_a
Schooling, Stéphane
245
1
0
_a
La place du livre de michée dans le contexte des douze petits prophètes
300
_a
Vol. 7, Núm 1 (1998), Páginas 27-35
773
0
_t
European Journal of Theology
942
_c
ANA
999
_c
54013
_d
54013